000 00736cam a2200253 4500
001 5236
005 20181127175050.0
008 760420s1976 nyu 000 0ceng
010 _a 72076164
020 _a9780099362814
_c
043 _an-us---
_af-gm---
100 1 _aHaley, Alex.
245 1 0 _aRoots /
_cAlex Haley.
250 _a1st ed.
260 _aLondon :
_bVintage Books,
_c1991.
300 _aviii, 688 p. ;
_c24 cm.
500 _a""A condensed version of a portion of this work first appeared in Reader's digest.""
600 1 0 _aHaley, Alex
_xFamily.
600 1 0 _aHaley, Alex.
600 3 0 _aHaley family.
600 3 0 _aKinte family.
650 0 _aAfrican American families.
650 0 _aAfrican Americans
_vBiography.
999 _c4394
_d4394